000 00435 a2200157 4500
005 20250912152946.0
008 250729b |||||||| |||| 00| 0 eng d
020 _a9789326350648
080 _aFH
_bMAD/S
100 _aMadhu Kankariya
245 _aSookhate chinaar (सूखते चिनार)
260 _bBharatiya Jnanpith
_aNew Delhi.
_c2018
300 _a136p.
653 _aFiction-Novel-Hindi Literature
942 _cOO
999 _c113932
_d113931